• 首页
  • 本馆介绍
  • 公告通知
  • 最新文献
  • 馆藏检索
  • 电子资源
  • 读者导购
  • 参考咨询
  • 我的图书馆
  • 登录
  • 详细信息显示
  • 放入我的书架
  • 预约/预借图书
  • 作者相关作品
  • 分类相关作品
  • 丛书相关作品
  • 出版社相关作品

书目信息

  • 表格格式
  • 工作单格式
  • 卡片格式
题名:
电脑数据损失预防手册
    
 
作者: 杜华松 编辑 ;北京游戏时代科技有限公司 编
分册:  
出版信息: 辽宁   辽宁广播电视音像出版社  
页数: 135,121页
开本: 20cm
丛书名:
单 册:
中图分类: TP309.3-62
科图分类:
主题词: 电脑知识 , 电脑知识 , 计算技术 , 电子计算机
电子资源:
ISBN: 7-88365-003-3
000 00889nam0 2200277 450
001 0103029203CN
005 20101013095331.32
010    @a7-88365-003-3@dCNY16.80
100    @a20050311d am y0chiy0120 eb
101 0  @achi
105    @aa 000yy
200 1  @a电脑数据损失预防手册@Adian nao shu ju sun shi yu fang shou ce@f杜华松编辑@Fdu hua song bian ji
210    @a辽宁@c辽宁广播电视音像出版社
215    @a135,121页@c图@d20cm
300    @a电脑数据自救手册
330    @a本书介绍了预防电脑数据丢失及其自救方法,并附赠光盘一片.
606 0  @a电脑知识
606 0  @a电脑知识
606 0  @a计算技术
606 0  @a电子计算机
690    @aTP309.3-62@v4
701  0 @a杜华松@Adu hua song@4编辑
711 00 @a北京游戏时代科技有限公司@4编@9bei jing you xi shi dai ke ji you xian gong si
801    @acn@bbwkj@c20101013
905    @aBZT@dTP309.3-62@e1
906    @dCNY16.80@n0@r1
    
    电脑数据损失预防手册/杜华松编辑.-辽宁:辽宁广播电视音像出版社
    135,121页:图;20cm
    电脑数据自救手册
    
    ISBN 7-88365-003-3:CNY16.80
    本书介绍了预防电脑数据丢失及其自救方法,并附赠光盘一片.
●
相关链接 在五车中查询图书 在当当中查询图书 在豆瓣中查询图书


正题名:电脑数据损失预防手册     索取号:TP309.3-62/1         预约/预借

序号 登录号 条形码 馆藏地/架位号 状态 备注
1 461675   230062054   中心书库中库/ 中库026架A面4列1层33/ [索取号:TP309.3-62/1] 在馆    
2 461676   230062051   中心书库中库/ 中库026架A面4列1层34/ [索取号:TP309.3-62/1] 在馆    
3 461677   230062052   中心书库中库/ 中库026架A面4列1层35/ [索取号:TP309.3-62/1] 在馆    
山东省滨州职业学院图书馆 欢迎您!
大连网信软件有限公司© 版权所有